| 000 | 00649nam a22002297a 4500 | ||
|---|---|---|---|
| 005 | 20210929102238.0 | ||
| 008 | 210929b ||||| |||| 00| 0 eng d | ||
| 020 | _a | ||
| 040 | _cAL | ||
| 041 | _aeng | ||
| 082 |
_223 _a324.954 _bMATS |
||
| 100 |
_aGeorge Mathew _9510 |
||
| 245 |
_aShift in Indian Politics _b1983 Elections in Andhra Pradesh and Karnataka |
||
| 260 |
_aNew Delhi _bConcept Publishing company _c1984 |
||
| 300 |
_a185 p. _bHB _c21x13 cm |
||
| 365 |
_b₹70.00 _c₹ _d₹70.00 |
||
| 650 |
_aElections _9511 |
||
| 650 |
_aAndra Pradesh _9512 |
||
| 650 |
_aKarnataka _9513 |
||
| 700 |
_aMATHEW (George) _9514 |
||
| 942 |
_2ddc _cGF |
||
| 999 |
_c216424 _d216424 |
||